000 00702nam a2200205 a 4500
001 000024176
003 AM-YEHGA
005 20250618070849.0
008 001004s1944 ai ||||| |||| | arm d
040 _aAM-YeHGA
041 0 _aarm
100 1 _aՊողոսյան, Ար.
245 1 0 _aՀայաստանի կրծողները և պայքարը նրանց դեմ /
_cԱր. Պողոսյան ; Խմբ.` Ա. Տեր-Պողոսյան.
260 _aԵրևան :
_bՀայպետհրատ,
_c1944.
300 _a60 էջ ;
_c22 սմ.
650 1 4 _aԿրծողներ
_zՀայաստան
700 1 _aՏեր-Պողոսյան, Ավետիք Գրիգորի,
_d1880-1954
_4edt
_93929
942 _2udc
_cMP
090 _c9824
999 _c9757
_d9757